000 00517nam a22002057a 4500
003 OSt
005 20251007163842.0
008 251007b |||||||| |||| 00| 0 eng d
020 _a9788131711248
040 _cDDC
082 _a620.11 JAM 1993
100 _4James, Glyn
245 _a Advanced Modern Engineering Mathematics
250 _a3rd ed.
260 _aUK; Pearson, 1993
300 _a972p; ill: 24cm
504 _aAnswers, & index included
650 _2Engineering mathematics
942 _2z
_cO_SHELF
999 _c9539
_d9539